000 00536pab a2200181 454500
008 180718b2008 xxu||||| |||| 00| 0 eng d
100 _aMoser, Christine
245 _aPoverty reduction, patronage, or vote buying? The allocation of public goods and the 2001 election in Madagascar
260 _c2008
300 _ap.137-62.
362 _aOct
650 _aPublic goods - Mudagascar
650 _aPoverty - Madagascar
650 _aPoverty
773 _aEconomic Development and Cultural Change
908 _aN
909 _a80331
999 _c80331
_d80331